Matemática: programa de estudio, cuarto año medio

Saved in:
Bibliographic Details
Corporate Author: Ministerio de Educación (Author)
Format: Book
Language:Spanish
Published: Santiago Ministerio de Educación 2001
Series:Educación Media, Formación General, 4
Subjects:
Tags: Add Tag
No Tags, Be the first to tag this record!

MARC

LEADER 00000nam a2200000 a 4500
001 UCM1503
003 CL-VaPUC
008 020404e20010000CL |||||||||||||||||spa|d
020 |a 9567933863 
082 0 4 |a 510.0712  |b MIN  |2 21 
110 2 |a Ministerio de Educación  |e author  |9 468472 
245 1 0 |a Matemática: programa de estudio, cuarto año medio 
300 |a 103 p 
942 |c BK 
945 |d 20020404 00:00:00  |a cmena 
260 |a Santiago  |b Ministerio de Educación  |c 2001 
650 0 |a Matemáticas  |x Enseñanza  |9 875527 
650 0 |a Programas de educación  |9 339040 
583 |a last modification  |c 20140401 07:05:44  |k Rodrigo Vera 
490 0 |a Educación Media, Formación General, 4 
999 |c 299939  |d 299937 
952 |0 0  |1 0  |4 0  |6 510_071200000000000_MIN_2001  |7 0  |8 R  |9 357106  |a BIBEDU  |b BIBEDU  |d 2019-11-21  |i 3810976  |o 510.0712 MIN 2001  |p 3810976  |r 2019-11-21  |w 2019-11-21  |y BK_R  |k BME 
952 |0 0  |1 0  |4 0  |6 510_071200000000000_MIN_2001  |7 0  |8 R  |9 357107  |a BIBEDU  |b BIBEDU  |d 2019-11-21  |i 3810984  |o 510.0712 MIN 2001  |p 3810984  |r 2019-11-21  |w 2019-11-21  |y BK_R  |k BME 
952 |0 0  |1 0  |4 0  |6 510_071200000000000_MIN_2001  |7 0  |8 R  |9 357109  |a BIBEDU  |b BIBEDU  |d 2019-11-21  |i 381100K  |o 510.0712 MIN 2001  |p 381100K  |r 2019-11-21  |w 2019-11-21  |y BK_R  |k BME 
952 |0 0  |1 0  |4 0  |6 510_071200000000000_MIN_2001  |7 0  |8 F  |9 357113  |a BIBMAT  |b BIBMAT  |c E_DIDACT  |d 2019-11-21  |i 4276736  |o 510.0712 MIN 2001  |p 4276736  |r 2025-01-07  |w 2019-11-21  |y BK_F  |k MAT